Footballer Nicknames - Statistics

General Stats
  • This quiz has been taken 64 times
    55 since last reset
  • The average score is 8 of 18
Answer Stats
Hint Answer % Correct
Zizou Zinedine Zidane
73%
The King/ O Rei Pele
61%
Il Fenomeno Ronaldo
55%
The Flying Dutchman Arjen Robben
52%
El Nino Fernando Torres
52%
El Pistolero Luis Suarez
52%
Gazza Paul Gascoigne
52%
El Matador Edison Cavani
48%
Wazza Wayne Rooney
48%
The Butcher Lisandro Martinez
42%
The Stockport Iniesta Phil Foden
42%
Maestro Pirlo
42%
The Flea Andres Iniesta
39%
Starboy Bukayo Saka
36%
The Goalhanger Gary Lineker
33%
The Iceman Bergkamp
30%
The Smiling Assassin Ngolo Kante
30%
Golden Balls David Beckham
18%
No matching quizzes found
Score Distribution
Percent of People with Each Score
Percentile by Number Answered
Your Score History
You have not taken this quiz since the last reset